| 000 | 00624nam a2200217 a 4500 | ||
|---|---|---|---|
| 999 |
_c5073 _d5073 |
||
| 001 | 5073 | ||
| 003 | BD-JhCC | ||
| 005 | 20171207185835.0 | ||
| 008 | 171207s1371 ii |||| || | 000 0 eng d | ||
| 035 | _a(BD-JhCC)5073 | ||
| 040 |
_aBD-JhCC _dBD-JhCC |
||
| 041 | _aben | ||
| 082 |
_a891.4415 _bISL 1371 |
||
| 100 | _aইসলাম, নজরুল | ||
| 245 |
_aদোলন চাঁপা / _cনজরুল ইসলাম, |
||
| 260 |
_aকলিকাতা : _bডি. এম. লাইব্রেরী, _c1371. |
||
| 300 |
_a64 p. : _c22 cm. |
||
| 650 | _aBengali Poem | ||
| 942 |
_2ddc _cBK |
||